A study on graph labeling and it's applications / (Record no. 83957)

MARC details
000 -LEADER
fixed length control field 00781nam a22002777a 4500
003 - CONTROL NUMBER IDENTIFIER
control field OSt
005 - DATE AND TIME OF LATEST TRANSACTION
control field 20241211150629.0
008 - FIXED-LENGTH DATA ELEMENTS--GENERAL INFORMATION
fixed length control field 241211b |||||||| |||| 00| 0 eng d
040 ## - CATALOGING SOURCE
Transcribing agency STCPL
041 ## - LANGUAGE CODE
Language code of text/sound track or separate title English
082 ## - DEWEY DECIMAL CLASSIFICATION NUMBER
Classification number 510
Item number TES-S
100 ## - MAIN ENTRY--PERSONAL NAME
Personal name Tessymol Abraham
110 ## - GUIDE
Theses guided by Guided by Dr Shiny Jose
111 ## - REARCH CENTRE
University and Center Dept. of Mathematics, St. Thomas College Palai, Mahatma Gandhi University, Kottayam
245 ## - TITLE STATEMENT
Title A study on graph labeling and it's applications /
Statement of responsibility, etc. by Tessymol Abraham
260 ## - PUBLICATION, DISTRIBUTION, ETC.
Place of publication, distribution, etc. Pala:
Date of publication, distribution, etc. February 2024
300 ## - PHYSICAL DESCRIPTION
Extent 166 p.
Other physical details Hard Back
650 ## - SUBJECT ADDED ENTRY--TOPICAL TERM
Topical term Mathematics
650 ## - SUBJECT ADDED ENTRY--TOPICAL TERM
Topical term Graph labeling
650 ## - SUBJECT ADDED ENTRY--TOPICAL TERM
Topical term Fibonacci
650 ## - SUBJECT ADDED ENTRY--TOPICAL TERM
Topical term Cordial labeling
650 ## - SUBJECT ADDED ENTRY--TOPICAL TERM
Topical term Theta graph
650 ## - SUBJECT ADDED ENTRY--TOPICAL TERM
Topical term Cordial graph
942 ## - ADDED ENTRY ELEMENTS (KOHA)
Koha item type Theses
942 ## - ADDED ENTRY ELEMENTS (KOHA)
Source of classification or shelving scheme Dewey Decimal Classification
Suppress in OPAC No
Holdings
Withdrawn status Lost status Source of classification or shelving scheme Damaged status Not for loan Collection code Home library Current library Shelving location Date acquired Total Checkouts Full call number Barcode Date last seen Price effective from Koha item type
    Dewey Decimal Classification   Reference Book Mathematics ST. THOMAS COLLEGE LIBRARY, PALAI ST. THOMAS COLLEGE LIBRARY, PALAI Theses 2024-12-11   510 TES-S T323 2024-12-11 2024-12-11 Theses
Rights reserved ©2021 ST. THOMAS COLLEGE LIBRARY
A joint venture of - St. Thomas College Library and
Department of Computer Science, St. Thomas Collge Palai